Normal view
MARC view
- احصاء
Entry Topical Term
001 - CONTROL NUMBER
- control field: 57110
003 - CONTROL NUMBER IDENTIFIER
- control field: JO-AjAnu
005 - DATE AND TIME OF LATEST TRANSACTION
- control field: 20230606083344.0
008 - FIXED-LENGTH DATA ELEMENTS
- fixed length control field: 230606|| aca||aabn | a|a d
040 ## - CATALOGING SOURCE
- Original cataloging agency: JO-AjAnu
- Transcribing agency: JO-AjAnu
150 ## - HEADING--TOPICAL TERM
- Topical term or geographic name entry element: احصاء
670 ## - SOURCE DATA FOUND
- Source citation: Work cat.: (JO-AjAnu)29140: تأليف أبو صالح، محمد صبحي ، م.مشارك عدنان محمد عوض, author 57109, مقدمة في الاحصاء=Introduction to Statistics